| 000 | 00690nam a2200241Ia 4500 | ||
|---|---|---|---|
| 005 | 20230601100716.0 | ||
| 008 | 131103s9999 xx 000 0 und d | ||
| 020 |
_a333544439 _cRs.430.63 |
||
| 040 | _aLoreto College | ||
| 041 | _aEnglish | ||
| 082 |
_a822.33(ID) _bMAC-SIN |
||
| 245 |
_aMacbeth _cWilliam Shakespeare;edited by Alan Sinfield |
||
| 260 |
_aHoundmills _bMacmillan Education _c1992 |
||
| 300 | _aix,172p | ||
| 440 | _aNew casebooks | ||
| 504 | _aIncludes bibliographical references and index | ||
| 630 | _aMacbeth-criticism | ||
| 650 | _aShakespeare,William 1564-1616 | ||
| 651 | _aEnglish drama | ||
| 700 | _aSinfield,Alan,ed. | ||
| 850 | _aLCLIB | ||
| 942 | _cBK | ||
| 999 |
_c18909 _d69388 |
||